Fr. Conceicao Rodrigues College of Engineering

Ethics in engineering (Record no. 36071)

MARC details
000 -LEADER
fixed length control field 00371nam a22001577a 4500
003 - CONTROL NUMBER IDENTIFIER
control field OSt
005 - DATE AND TIME OF LATEST TRANSACTION
control field 20240813124551.0
007 - PHYSICAL DESCRIPTION FIXED FIELD--GENERAL INFORMATION
fixed length control field 339 pages
008 - FIXED-LENGTH DATA ELEMENTS--GENERAL INFORMATION
fixed length control field 240813b |||||||| |||| 00| 0 eng d
020 ## - INTERNATIONAL STANDARD BOOK NUMBER
International Standard Book Number 978939204457
040 ## - CATALOGING SOURCE
Transcribing agency
245 ## - TITLE STATEMENT
Title Ethics in engineering
Statement of responsibility, etc. Martin,Mike W
250 ## - EDITION STATEMENT
Edition statement 4
260 ## - PUBLICATION, DISTRIBUTION, ETC.
Name of publisher, distributor, etc. Mcgraw hill
Date of publication, distribution, etc. 2005
942 ## - ADDED ENTRY ELEMENTS (KOHA)
Source of classification or shelving scheme Dewey Decimal Classification
Koha item type BOOK
Edition 4
Call number prefix 174.962
Call number suffix MAR
Suppress in OPAC No
Holdings
Withdrawn status Lost status Source of classification or shelving scheme Damaged status Not for loan Collection Home library Current library Date acquired Cost, normal purchase price Inventory number Total Checkouts Full call number Barcode Date last seen Price effective from Koha item type
    Dewey Decimal Classification     Electronics and Computer Science(ECS) Fr. Agnel's C.Rodrigues College of Engineering Fr. Agnel's C.Rodrigues College of Engineering 13/08/2024 725.00 AO/24/08/280   174.962/MAR 26454 13/08/2024 13/08/2024 BOOK
    Dewey Decimal Classification     Electronics and Computer Science(ECS) Fr. Agnel's C.Rodrigues College of Engineering Fr. Agnel's C.Rodrigues College of Engineering 13/08/2024 725.00 AO/24/08/280   174.962/MAR 26455 13/08/2024 13/08/2024 BOOK
    Dewey Decimal Classification     Electronics and Computer Science(ECS) Fr. Agnel's C.Rodrigues College of Engineering Fr. Agnel's C.Rodrigues College of Engineering 13/08/2024 725.00 AO/24/08/280   174.962/MAR 26456 13/08/2024 13/08/2024 BOOK